Sundar Singh : (Record no. 10430)

MARC details
000 -LEADER
fixed length control field 01571cam a2200337 a 4500
001 - CONTROL NUMBER
control field 13825658
003 - CONTROL NUMBER IDENTIFIER
control field GBCCL
005 - DATE AND TIME OF LATEST TRANSACTION
control field 20241126110732.0
008 - FIXED-LENGTH DATA ELEMENTS--GENERAL INFORMATION
fixed length control field 041227s2005 waub j b 000 0beng
010 ## -
-- 2004030061
020 ## - INTERNATIONAL STANDARD BOOK NUMBER
International Standard Book Number 157658318X
040 ## - CATALOGING SOURCE
Original cataloging agency DLC
Transcribing agency DLC
Modifying agency DLC
042 ## -
-- pcc
043 ## -
-- a-ii---
050 00 -
-- BV5095.S5
-- B46 2005
082 00 - DEWEY DECIMAL CLASSIFICATION NUMBER
Classification number 266.0092
-- B
Edition information 22
Item number BEN
100 1# - MAIN ENTRY--PERSONAL NAME
Personal name Benge, Janet,
Dates associated with a name 1958-
9 (RLIN) 17368
245 10 - TITLE STATEMENT
Title Sundar Singh :
Remainder of title footprints over the mountains /
Statement of responsibility, etc. Janet & Geoff Benge.
260 ## - PUBLICATION, DISTRIBUTION, ETC.
Place of publication, distribution, etc. Seattle, WA :
Name of publisher, distributor, etc. YWAM Pub.,
Date of publication, distribution, etc. c2005.
300 ## - PHYSICAL DESCRIPTION
Extent 183 p. :
Other physical details map ;
Dimensions 21 cm.
440 #0 - SERIES STATEMENT/ADDED ENTRY--TITLE
Title Christian heroes, then & now
9 (RLIN) 17374
504 ## - BIBLIOGRAPHY, ETC. NOTE
Bibliography, etc. note Includes bibliographical references (p. 183).
505 0# - FORMATTED CONTENTS NOTE
Formatted contents note He had saved his own life -- The path that will lead you to God -- The biggest shock of his life -- "We reject you forever" -- Sadhu Sundar Singh -- The life of a traveling Sadhu -- Across the mountains -- A caged forest bird -- "You are alive!" -- Into Nepal -- To the South -- To Tibet once again -- To the West -- In the footsteps of Jesus -- The perfect life.
600 10 - SUBJECT ADDED ENTRY--PERSONAL NAME
Personal name Singh, Sundar,
Dates associated with a name 1889-1929
Form subdivision Juvenile literature.
9 (RLIN) 18129
650 #0 - SUBJECT ADDED ENTRY--TOPICAL TERM
Topical term or geographic name entry element Mystics
Geographic subdivision India
Form subdivision Biography
-- Juvenile literature.
9 (RLIN) 18130
700 1# - ADDED ENTRY--PERSONAL NAME
Personal name Benge, Geoff,
Dates associated with a name 1954-
9 (RLIN) 17373
856 41 - ELECTRONIC LOCATION AND ACCESS
Materials specified Table of contents
Uniform Resource Identifier <a href="http://www.loc.gov/catdir/toc/ecip055/2004030061.html">http://www.loc.gov/catdir/toc/ecip055/2004030061.html</a>
906 ## - LOCAL DATA ELEMENT F, LDF (RLIN)
a 7
b cbc
c orignew
d 1
e ecip
f 20
g y-gencatlg
942 ## - ADDED ENTRY ELEMENTS (KOHA)
Source of classification or shelving scheme Dewey Decimal Classification
Koha item type Books
Koha issues (borrowed), all copies 1
Holdings
Withdrawn status Lost status Source of classification or shelving scheme Damaged status Not for loan Home library Current Library Shelving location Date acquired Total checkouts Total renewals Full call number Barcode Date last seen Date last checked out Copy number Price effective from Koha item type
    Dewey Decimal Classification     GRACE BIBLE COLLEGE GRACE BIBLE COLLEGE Ministry & Mission 2024-07-18 3 1 266.0092 BEN 016951 2025-07-31 2025-07-21 c.1 2024-07-18 Books
© Grace Bible College Library 2025